00514nam a22001577a 450000500170000001000150001702000260003203500140005803700090007208200080008110000220008924500320011126000580014327001270020130000280032820220203122347.0 aENG-131379 a9789353432775c559.00 aEN-114911 bDBAD a514 aMunkres, James R. aTopology:cJames R. Munkres aUttar PradeshbPearson India Education Servicesc2022 a15th Flooor, Tower-B, World Trade Tower, Plot No. 1, Block-C, Sector-16bNoidae201301mcompanysecretary.india@pearson.com a537p.bIndexc23cm(pbk)